| 000 | 00543pam a2200205 a 4500 | ||
|---|---|---|---|
| 020 | _c10852.10 | ||
| 040 | _aMEDICAL COLLEGE LIB. | ||
| 041 |
_aENG _hENG |
||
| 082 |
_a617.51 _bBAK |
||
| 100 | _aBaker, Shan R.. | ||
| 245 |
_aBaker Local Flaps in Facial Reconstruction / _c _hTextual Documents |
||
| 250 |
_a2nd / _b. |
||
| 260 |
_a : _bElsevier Saunders , _c2007. |
||
| 300 |
_a664 ; _c |
||
| 365 | _a10852.10 | ||
| 653 |
_aE.N.T. _aMedical Science |
||
| 930 | _a7928 | ||
| 999 |
_c7927 _d7927 |
||